| 000 | 01414nam0a2200337 4500 | ||
|---|---|---|---|
| 001 | RU\NLR\bibl\555783 | ||
| 005 | 20250609161614.0 | ||
| 010 |
_a5-93378-100-2 _92000 |
||
| 021 |
_aRU _b2004-48230 _92379 |
||
| 035 | _a(NLR Aleph) 000547929 | ||
| 090 |
_a1454166 _c1454166 |
||
| 100 | _a20040924d2004 |||y0rusy50 ca | ||
| 101 | 1 |
_arus _ceng |
|
| 102 | _aRU | ||
| 105 | _aa ||||||||| | ||
| 200 | 1 |
_aЗвук для цифрового видео: запись и обработка _fДжей Роуз _gПер. с англ. [А.С. Казаков] |
|
| 210 |
_aМ. _cКудиц-Образ _d2004 |
||
| 215 |
_a487 с. _cил. _d21 |
||
| 300 | _aЗагл. и авт. ориг.: Audio postproduction for digital video / Jay Rose | ||
| 320 | _aПредм. указ.: 470-483 | ||
| 454 | 0 |
_12001#$aAudio postproduction for digital video _1700#1$aRose$bJ.$gJay$4070 _tAudio postproduction for digital video _aRose, Jay |
|
| 606 | 0 |
_aЦифровая видеозапись _92228585 _3RU\NLR\auth\661337736 |
|
| 606 | 0 |
_aЗвук _xЗапись и воспроизведение _xЦифровые методы _91119728 _3RU\NLR\auth\66443469 |
|
| 606 | 0 |
_aЦифровая звукозапись _92109986 _3RU\NLR\auth\661275264 |
|
| 686 | _aЗ871.4 | ||
| 700 | 1 |
_aРоуз _bД. _gДжей _4070 |
|
| 801 | 0 |
_aRU _bNLR _c20040924 _gPSBO |
|
| 801 | 1 |
_aRU _bNLR _c20040924 |
|
| 942 | _cBOOK | ||
| 980 | _aNB | ||